000 00349nam a2200133 i 4500
001 bg
100 1 _aKACZOREK, Tadeusz
_d(1932- ).
245 0 _aTeoria wielowymiarowych układów dynamicznych liniowych /
_cT. Kaczorek.
260 _aWarszawa,
_c1983.
040 _cBPK
041 _apol
942 _cKS
008 s pl f |000 0 pol
999 _c22254
_d22254
856 _uhttp://koha.tu.koszalin.pl/cgi-bin/koha/opac-detail.pl?biblionumber=22254
_yKatalog online BPK